| 000 | 01759cam a2200361 i 4500 | ||
|---|---|---|---|
| 003 | SA-RiAUC | ||
| 005 | 20250701063551.0 | ||
| 008 | 250513s1950 le g bd 000r0 ara c | ||
| 040 |
_aSA-TaTUL _bara _cSA-RiAUC _erda |
||
| 082 | 0 | 4 |
_a224.303 _qSA-RiAUC |
| 090 |
_aن 224.303 _b ع ب د ب |
||
| 100 | 1 |
_aعبد الباقي، محمد فؤاد، _d1882-1968 _eمؤلف. |
|
| 245 | 1 | 0 |
_aمعجم غريب القرآن مستخرجا من صحيح البخاري / _cمحمد فؤاد عبد الباقي. |
| 250 | _aالطبعة الثانية. | ||
| 264 | 1 |
_aبيروت : _bدار المعرفة للطباعة والنشر، _c1950 |
|
| 300 |
_aد-ك، 292 صفحة ؛ _c25 سم |
||
| 336 |
_aنص _btxt _2rdacontent _3كتاب |
||
| 337 |
_aبدون وسيط _bn _2rdamedia |
||
| 338 |
_aمجلد _bnc _2rdacarrier |
||
| 500 | _aفيه ما ورد عن ابن عباس من طريق ابن أبي طلحة خاصة. | ||
| 500 | _aمعه : مسائل نافع بن الأزرق لابن عباس. | ||
| 500 | _aتاريخ النشر من المقدمة. | ||
| 504 | _aيشتمل على إرجاعات ببليوجرافية. | ||
| 630 | 2 | 7 |
_aالقرآن _xغريب _vمعاجم _2aucut |
| 630 | 2 | 7 |
_aالقرآن _xألفاظ _vمعاجم _2aucut |
| 700 | 1 | 2 |
_aالبخاري، محمد بن إسماعيل بن إبراهيم، _d194-256 هجري. _tالجامع الصحيح المسند المختصر من حديث رسول الله صلى الله عليه وسلم وسننه وأيامه |
| 730 | 2 | 2 | _aالقرآن |
| 942 |
_2ddc _cRARE BOOK _n0 |
||
| 949 |
_aSA-JeALM _d250513 _uosman123 _n1 |
||
| 999 |
_c9323 _d9323 |
||